00470nam a2200121 a 4500008004100000020001800041050001500059100006500074245009400139260007500233300003000308350001000338210225s2008 ||||||||||||||||| || u a9781932613377 aTA 151 Nat aNational council of examiners for engineering and surveying 10aFundamentals of engineering supplied-reference handbookcBy National council of examiners aUSAbNational council of examiners for engineering and surveyingc2008 av,258 pages:illustrations a27.88